[Event "15th LCC Super Rapid 2025"]
[Site "London ENG"]
[Date "2025.12.07"]
[Round "10.9"]
[White "Maroroa Jones, Gawain C B"]
[Black "Noy, Eyal"]
[Result "1-0"]
[WhiteTitle "GM"]
[BlackTitle "FM"]
[WhiteElo "2655"]
[BlackElo "2275"]
[WhiteFideId "409561"]
[BlackFideId "2821117"]
[EventDate "2025.12.06"]

1. Nf3 d5 2. c4 e6 3. g3 Nc6 4. cxd5 exd5 5. Bg2 Nf6 6. O-O Ne7 7. b3 Nf5 8. d3
Be7 9. e3 O-O 10. Bb2 Re8 11. Nbd2 Nd6 12. Qc2 Bf5 13. Nh4 Be6 14. e4 dxe4 15.
dxe4 Nb5 16. Nhf3 Ba3 17. Bxa3 Nxa3 18. Qb2 Qe7 19. Nd4 Qb4 20. Nxe6 fxe6 21. e5
Nd5 22. Rac1 Rac8 23. Ne4 Nb5 24. a4 Qd4 25. Qc2 Nb4 26. Qc4 Qxc4 27. Rxc4 1-0

[Event "15th LCC Super Rapid 2025"]
[Site "London ENG"]
[Date "2025.12.07"]
[Round "10.10"]
[White "Jankovic, Alojzije"]
[Black "Gasanov, Eldar"]
[Result "0-1"]
[WhiteTitle "GM"]
[BlackTitle "GM"]
[WhiteElo "2558"]
[BlackElo "2447"]
[WhiteFideId "14505959"]
[BlackFideId "14104466"]
[EventDate "2025.12.06"]

1. d4 d6 2. Nf3 g6 3. c4 f5 4. Nc3 Nf6 5. Bg5 Bg7 6. h4 Nbd7 7. Qc2 O-O 8. e3 c6
9. O-O-O Qe8 10. h5 Nxh5 11. Be2 Ndf6 12. d5 Ng4 13. Bd3 e5 14. dxe6 Bxe6 15.
Nd4 Ne5 16. Be2 Nf6 17. Nxe6 Qxe6 18. Rd4 Neg4 19. Rf4 Rae8 20. Bxf6 Bxf6 21.
Ne4 Be7 22. Qc3 g5 23. Rxg4 fxg4 24. Bd3 Rf7 25. Ng3 Bf8 26. Qc2 h6 27. Bg6 Rxf2
28. Bh7+ Kh8 29. Qxf2 Kxh7 30. Nf5 Qf6 31. Qc2 Qg6 32. e4 Re5 33. Rf1 b5 34. Qf2
Rxe4 35. Qxa7+ Kg8 36. Qb8 Rxc4+ 37. Kd2 Qf6 38. Nxh6+ Qxh6 39. Qe8 Rf4 40. Re1
Qf6 0-1

[Event "15th LCC Super Rapid 2025"]
[Site "London ENG"]
[Date "2025.12.07"]
[Round "10.11"]
[White "Siva, Mahadevan"]
[Black "Gordon, Stephen J"]
[Result "1/2-1/2"]
[WhiteTitle "IM"]
[BlackTitle "GM"]
[WhiteElo "2424"]
[BlackElo "2465"]
[WhiteFideId "25043153"]
[BlackFideId "411477"]
[EventDate "2025.12.06"]

1. e4 c6 2. d4 d5 3. e5 Bf5 4. Nf3 e6 5. Be2 Ne7 6. c3 h6 7. O-O Nd7 8. a4 c5 9.
dxc5 Nxc5 10. Nd4 a6 11. Be3 Bg6 12. Nd2 Nc6 13. N2f3 Be7 14. Bf4 O-O 15. a5 Qd7
16. Qd2 Rfc8 17. Qe3 Qd8 18. Rfd1 Ne4 19. Nb3 Rc7 20. Ne1 Qf8 21. Nd3 Nb8 22. f3
Nc5 23. Nbxc5 Bxc5 24. Nxc5 Rxc5 25. c4 Nc6 26. cxd5 exd5 27. Rac1 d4 28. Qd2 d3
29. Bf1 Nxe5 30. Bxe5 Rxe5 31. Bxd3 Rd5 32. Qc3 Rad8 33. Be2 Rxd1+ 34. Rxd1
Rxd1+ 35. Bxd1 Qd6 36. Be2 Bf5 1/2-1/2

[Event "15th LCC Super Rapid 2025"]
[Site "London ENG"]
[Date "2025.12.07"]
[Round "10.12"]
[White "Hunt, Harriet V"]
[Black "Shetty, Atulya"]
[Result "0-1"]
[WhiteTitle "IM"]
[BlackTitle "IM"]
[WhiteElo "2288"]
[BlackElo "2455"]
[WhiteFideId "403512"]
[BlackFideId "2031213"]
[EventDate "2025.12.06"]

1. e4 e6 2. d4 d5 3. Nd2 c5 4. Ngf3 cxd4 5. Nxd4 Nf6 6. exd5 Nxd5 7. N2f3 Bb4+
8. Bd2 O-O 9. c3 Bd6 10. Bc4 Nb6 11. Bb3 N8d7 12. O-O Nc5 13. Bc2 e5 14. Nf5
Bxf5 15. Bxf5 Qf6 16. Bc2 e4 17. Ng5 Rad8 18. Qe2 Bxh2+ 19. Kxh2 Qd6+ 20. Kg1
Qxd2 21. Qxd2 Rxd2 22. b4 Rxc2 23. bxc5 Na4 24. Nxe4 f5 25. Nd6 Nxc5 26. Rfc1
Rxc1+ 27. Rxc1 g6 28. Rd1 Rd8 29. Rd5 b6 30. Nxf5 Rxd5 31. Ne7+ Kf7 32. Nxd5 Ke6
33. Nc7+ Ke5 34. Nb5 a6 35. Nc7 a5 36. Kf1 Na4 37. Nb5 Kd5 38. Nc7+ Kc4 39. Ne6
Nxc3 40. Nf8 Nxa2 41. Nxh7 Nc3 42. Nf8 a4 43. Nxg6 a3 44. Ne5+ Kb3 45. Nd3 Nd5
46. Ke1 Kc2 47. Ke2 a2 0-1

[Event "15th LCC Super Rapid 2025"]
[Site "London ENG"]
[Date "2025.12.07"]
[Round "10.14"]
[White "Rendle, Thomas E"]
[Black "Haydon, David L"]
[Result "1/2-1/2"]
[WhiteTitle "IM"]
[BlackTitle "FM"]
[WhiteElo "2370"]
[BlackElo "2284"]
[WhiteFideId "408760"]
[BlackFideId "415405"]
[EventDate "2025.12.06"]

1. d4 Nf6 2. c4 e6 3. g3 d5 4. Bg2 Be7 5. Nf3 O-O 6. O-O c5 7. cxd5 exd5 8. Nc3
cxd4 9. Nxd4 Nc6 10. Bf4 Be6 11. Rc1 Qd7 12. Qa4 a6 13. Nxc6 bxc6 14. Rfd1 Qb7
15. Qc2 Rac8 16. b3 1/2-1/2

[Event "15th LCC Super Rapid 2025"]
[Site "London ENG"]
[Date "2025.12.07"]
[Round "10.15"]
[White "Richardson, John R"]
[Black "Bazakutsa, Svyatoslav"]
[Result "0-1"]
[WhiteTitle "FM"]
[BlackTitle "IM"]
[WhiteElo "2224"]
[BlackElo "2478"]
[WhiteFideId "401617"]
[BlackFideId "14198525"]
[EventDate "2025.12.06"]

1. e4 c5 2. Nf3 Nc6 3. Bb5 d6 4. Bxc6+ bxc6 5. O-O e5 6. h3 Be7 7. c3 f5 8. exf5
Nf6 9. d4 e4 10. Ng5 h6 11. Ne6 Bxe6 12. fxe6 d5 13. Be3 cxd4 14. cxd4 O-O 15.
Nc3 Qd6 16. Rc1 Qxe6 17. Ne2 Rab8 18. Nf4 Qd7 19. Ng6 Rfc8 20. Ne5 Qe8 21. b3
Bd6 22. Bf4 c5 23. Bh2 Rb4 24. Ng4 Bxh2+ 25. Kxh2 Nxg4+ 26. Qxg4 Rxd4 27. Rc2 c4
28. Rfc1 Qe5+ 29. Kh1 Rf8 30. bxc4 e3 31. Qg3 Qxg3 32. fxg3 Re4 33. Re2 d4 34.
Rd1 Rf2 35. Ree1 e2 36. Rb1 d3 37. Kg1 Rf7 38. Rb2 Re6 39. Rd2 Ref6 40. Rexe2
dxe2 41. Rxe2 Rf1+ 42. Kh2 R1f2 0-1

[Event "15th LCC Super Rapid 2025"]
[Site "London ENG"]
[Date "2025.12.07"]
[Round "10.16"]
[White "Jumabayev, Rinat"]
[Black "Grutter, Tim"]
[Result "1-0"]
[WhiteTitle "GM"]
[BlackTitle "IM"]
[WhiteElo "2560"]
[BlackElo "2399"]
[WhiteFideId "13702661"]
[BlackFideId "1057472"]
[EventDate "2025.12.06"]

1. e4 e5 2. Nf3 Nc6 3. Bc4 Nf6 4. d3 h6 5. O-O d6 6. c3 g5 7. Re1 Bg7 8. Na3 O-O
9. Nc2 d5 10. exd5 Nxd5 11. d4 exd4 12. Ncxd4 Nxd4 13. Nxd4 c6 14. Qf3 Qd6 15.
Nf5 Qf6 16. Bd3 Bxf5 17. Qxf5 Qxf5 18. Bxf5 Rfe8 19. Bd2 Rxe1+ 20. Rxe1 Rd8 21.
Bc1 Bf6 22. g3 Kf8 23. Kg2 Nb6 24. h4 Re8 25. Rxe8+ Kxe8 26. hxg5 Bxg5 27. f4
Bf6 28. Kh3 Kf8 29. Kg4 Kg7 30. Kh5 Be7 31. Be3 Nc4 32. Bxa7 Nxb2 33. Bc8 Na4
34. c4 b5 35. Bd7 bxc4 36. Bxc6 Nc5 37. Bf3 c3 38. Bd1 Ne4 39. Kg4 Bc5 40. Bxc5
Nxc5 41. Kf3 Nd3 42. Ke3 Nb4 43. Bb3 Kf6 44. a3 Nc6 45. Kd3 Kf5 46. Bxf7 Kg4 47.
Bd5 Na7 48. a4 h5 49. Kxc3 Nc8 50. a5 Nd6 51. Kb4 Kxg3 52. a6 Nc8 53. Bb7 Nb6
54. f5 h4 55. f6 h3 56. f7 Nd7 57. a7 1-0

[Event "15th LCC Super Rapid 2025"]
[Site "London ENG"]
[Date "2025.12.07"]
[Round "10.17"]
[White "Buckley, Graeme N"]
[Black "McShane, Luke J"]
[Result "0-1"]
[WhiteTitle "IM"]
[BlackTitle "GM"]
[WhiteElo "2256"]
[BlackElo "2615"]
[WhiteFideId "402265"]
[BlackFideId "404853"]
[EventDate "2025.12.06"]

1. e4 c6 2. d4 d5 3. e5 Bf5 4. Nf3 e6 5. Be2 Nd7 6. O-O Bg6 7. Nbd2 Nh6 8. Nb3
Nf5 9. Bd2 Be7 10. a4 h5 11. Ne1 f6 12. exf6 gxf6 13. Nd3 e5 14. Re1 Qc7 15. Bf1
O-O-O 16. Ba5 b6 17. Bb4 c5 18. dxc5 bxc5 19. Ba5 Qd6 20. Ndc1 Rdg8 21. c4 d4
22. Qf3 Nb8 23. Bd3 Nh4 24. Qh3+ f5 25. f4 Nc6 26. fxe5 Nxe5 27. Bd2 Be8 28.
Bxf5+ Kb8 29. Kh1 Nxg2 30. Rxe5 Qxe5 31. Nd3 Qc7 32. Be4 Bc6 33. Qf3 Nh4 34. Qe2
Rg2 35. Bxg2 Nxg2 36. Kg1 Rg8 37. Qe6 Rg4 38. Nbxc5 Ka8 39. Na6 Qb7 40. Ndc5
Bxc5 41. Nxc5 Qc7 42. Rf1 Nf4+ 43. Qxg4 hxg4 44. Rxf4 Qe7 45. b4 a5 46. Rxg4
axb4 47. Bxb4 Qh7 48. Bd2 Qb1+ 49. Kf2 Qf5+ 50. Rf4 Qxc5 51. a5 Qxc4 52. Rf8+
Kb7 53. Bf4 Qa2+ 54. Ke1 Qxa5+ 55. Bd2 Qe5+ 56. Kd1 Ba4+ 0-1

[Event "15th LCC Super Rapid 2025"]
[Site "London ENG"]
[Date "2025.12.07"]
[Round "10.18"]
[White "Gaal, Zsoka"]
[Black "Shankland, Sam"]
[Result "0-1"]
[WhiteTitle "IM"]
[BlackTitle "GM"]
[WhiteElo "2383"]
[BlackElo "2649"]
[WhiteFideId "777765"]
[BlackFideId "2004887"]
[EventDate "2025.12.06"]

1. c4 g6 2. Nc3 Bg7 3. g3 c5 4. Bg2 d6 5. d3 Nc6 6. Qd2 e5 7. a3 a5 8. b3 Nge7
9. Bb2 O-O 10. e3 Be6 11. Nd5 Rb8 12. Ne2 b5 13. Nec3 b4 14. axb4 axb4 15. Ne2
Qd7 16. O-O Bh3 17. d4 Bxg2 18. Kxg2 exd4 19. exd4 Nxd5 20. cxd5 Ne7 21. dxc5
Bxb2 22. Qxb2 dxc5 23. Rfd1 Nxd5 24. Qe5 Rbd8 25. Qe4 Rfe8 26. Qf3 Re6 27. Kg1
Rxe2 28. Rxd5 Qxd5 29. Qxe2 Qxb3 30. h4 Qd5 31. Qe7 b3 32. Qf6 Qd4 0-1

[Event "15th LCC Super Rapid 2025"]
[Site "London ENG"]
[Date "2025.12.07"]
[Round "10.19"]
[White "Ghasi, Ameet K"]
[Black "Lohia, Sohum"]
[Result "1/2-1/2"]
[WhiteTitle "GM"]
[BlackTitle "IM"]
[WhiteElo "2500"]
[BlackElo "2391"]
[WhiteFideId "409200"]
[BlackFideId "5819369"]
[EventDate "2025.12.06"]

1. Nf3 Nf6 2. g3 d5 3. Bg2 e6 4. O-O Be7 5. d3 O-O 6. Nbd2 Nc6 7. c3 e5 8. e4
dxe4 9. dxe4 Qd3 10. Re1 a5 11. Bf1 Qd7 12. Qc2 Bc5 13. h3 Qe7 14. Nc4 Rd8 15.
Ne3 Be6 16. Ng5 h6 17. Nxe6 Qxe6 18. Kg2 a4 19. Bb5 a3 20. b4 Bb6 21. Bc4 Qe8
22. Nd5 Nxd5 23. exd5 Nb8 24. Bf4 Nd7 25. Qf5 g6 26. Qg4 Kh7 27. Qh4 Qf8 28. Bg5
f6 29. Bd2 Qg7 30. Bb3 f5 31. c4 Bd4 32. Rad1 Nf6 33. Bxh6 Qxh6 34. Rxd4 Ne4 35.
Qxh6+ Kxh6 36. Rd3 Re8 37. c5 Kg7 38. Re2 Nf6 39. f3 e4 40. fxe4 fxe4 41. Rd4
Rad8 42. d6 cxd6 43. cxd6 Re5 44. Rc2 e3 45. Rc5 Re4 46. Rc7+ Kh6 47. Rxe4 Nxe4
48. Kf3 Nd2+ 49. Kxe3 Nxb3 50. axb3 Rxd6 51. Rc2 Rc6 52. Ra2 Rc3+ 53. Kf4 Rxb3
54. b5 g5+ 55. Kg4 Kg6 56. Ra1 Rb4+ 57. Kf3 Rb3+ 58. Kg4 b6 59. Ra2 Rb4+ 60. Kf3
Rb3+ 61. Kg4 Kf6 62. Ra1 Rb4+ 63. Kh5 Rb3 64. Kg4 Rd3 65. h4 Rd4+ 66. Kf3 Ra4
67. hxg5+ Kxg5 68. Ke3 Kg4 69. Kd3 a2 70. Kc3 Kxg3 71. Kb3 Ra5 72. Rxa2 Rxa2 73.
Kxa2 Kf4 74. Kb3 Ke5 75. Kc4 Ke4 76. Kc3 Kd5 77. Kd3 Kc5 78. Kc3 Kxb5 79. Kb3
Kc5 80. Kc3 b5 81. Kb3 b4 82. Kb2 Kc4 83. Kc2 b3+ 84. Kb2 Kb4 85. Kb1 Kc3 86.
Kc1 b2+ 87. Kb1 Kb3 1/2-1/2

[Event "15th LCC Super Rapid 2025"]
[Site "London ENG"]
[Date "2025.12.07"]
[Round "10.20"]
[White "Southcott-Moyers, Indy"]
[Black "Iniyan, Pa"]
[Result "1/2-1/2"]
[WhiteTitle "FM"]
[BlackTitle "GM"]
[WhiteElo "2272"]
[BlackElo "2601"]
[WhiteFideId "488542"]
[BlackFideId "25002767"]
[EventDate "2025.12.06"]

1. d4 Nf6 2. c4 b6 3. Nc3 Bb7 4. Nf3 e6 5. a3 Be7 6. d5 O-O 7. e4 d6 8. Be2 a5
9. O-O Na6 10. Nd4 Nc5 11. f3 Nfd7 12. Be3 Bf6 13. b4 axb4 14. axb4 Na6 15. Rb1
Qe7 16. Qd2 Rfe8 17. Rfd1 g6 18. Bf1 Qf8 19. Ncb5 h5 20. Bf2 Qg7 21. Rb3 g5 22.
f4 gxf4 23. Qxf4 Ne5 24. h3 Bg5 25. Qg3 Kh7 26. Nf3 Nxf3+ 27. Qxf3 Qg6 28. Bd3
e5 29. Be2 h4 30. Qg4 Bc8 31. Qh5+ Kg7 32. Qxg6+ Kxg6 33. Ra1 Rb8 34. Be1 Bb7
35. Bg4 Red8 36. Bf5+ Kh5 37. Na7 Rg8 38. Rba3 Ra8 39. Bg4+ Kh6 40. Rxa6 Bxa6
41. Rxa6 Be3+ 42. Bf2 Bd4 43. b5 Kg5 44. Nc6 Bxf2+ 45. Kxf2 Kf4 46. Bf5 Rh8 47.
Nb4 Rhb8 48. Nd3+ Kg5 49. g3 Rxa6 50. bxa6 b5 51. gxh4+ Kxh4 52. cxb5 Rxb5 53.
Bc8 Rb3 54. Ke2 Ra3 55. Nb4 Ra4 56. Nc6 Rxe4+ 57. Kf3 Ra4 58. a7 Ra3+ 59. Ke4
Ra4+ 60. Ke3 Ra3+ 61. Ke2 Ra2+ 62. Kd3 Kg3 63. Ke4 Kh4 64. Bb7 Ra4+ 65. Ke3 Ra3+
66. Ke2 Ra2+ 67. Ke3 Ra3+ 68. Kd2 Ra2+ 69. Kd3 Ra3+ 70. Ke4 Ra4+ 71. Ke3 Ra3+
72. Kf2 Ra2+ 73. Ke3 1/2-1/2

[Event "15th LCC Super Rapid 2025"]
[Site "London ENG"]
[Date "2025.12.07"]
[Round "10.21"]
[White "Aizenberg, Benny"]
[Black "Willow, Jonah B"]
[Result "1-0"]
[WhiteTitle "IM"]
[BlackTitle "IM"]
[WhiteElo "2444"]
[BlackElo "2472"]
[WhiteFideId "2821125"]
[BlackFideId "438804"]
[EventDate "2025.12.06"]

1. e4 c5 2. Nf3 g6 3. d4 cxd4 4. Nxd4 Nc6 5. c4 Nf6 6. Nc3 d6 7. Nc2 Bg7 8. Be2
Nd7 9. Bd2 O-O 10. O-O Nc5 11. b4 Bxc3 12. Bxc3 Nxe4 13. Bb2 e5 14. a3 Be6 15.
Ne3 Rc8 16. Qd3 f5 17. Rad1 Qf6 18. f3 Ng5 19. b5 Nd4 20. Bxd4 exd4 21. Qxd4 f4
22. Nc2 Qe5 23. Rfe1 Qc5 24. Qxc5 dxc5 25. Bd3 Rfe8 26. h4 Nf7 27. Re4 Rcd8 28.
Ne1 Rd6 29. Rc1 Red8 30. Bf1 Bf5 31. Rxf4 Rd1 32. Rxd1 Rxd1 33. g4 Bb1 34. Kf2
Rd2+ 35. Ke3 Ra2 36. Bd3 Rxa3 37. Kd2 Ra2+ 38. Ke3 Ra3 39. Kd2 Ra2+ 40. Bc2 Nd6
41. Kc3 Bxc2 42. Nxc2 Kg7 43. Kb3 Ra5 44. g5 Nf5 45. Re4 Kf7 46. Re5 b6 47. h5
a6 48. bxa6 Rxa6 49. Rd5 Ke6 50. hxg6 hxg6 51. Rd8 Ne7 52. Rf8 Ke5 53. Rf6 Ra8
54. f4+ Ke4 55. Re6+ Kxf4 56. Rxe7 Kxg5 57. Kc3 Rb8 58. Na3 Kf4 59. Kd3 g5 60.
Rf7+ Kg3 61. Nb5 g4 62. Nc3 Kg2 63. Ke3 g3 64. Rf6 Rb7 65. Rg6 Kh3 66. Ne2 Kh4
67. Kf3 Ra7 68. Nxg3 Ra4 69. Rg4+ Kh3 70. Ne4 Kh2 71. Rh4+ Kg1 72. Nd2 Ra3+ 73.
Ke2 Kg2 74. Rh6 Ra6 75. Rg6+ Kh3 76. Kf3 Kh4 77. Ke4 Kh5 78. Rc6 Ra2 79. Kd3 Rb2
80. Kc3 Rb4 81. Ne4 Kg4 82. Nxc5 bxc5 83. Rxc5 Rb1 84. Re5 Kf4 85. Re8 Kf5 86.
c5 Kf6 87. Kc4 Kf7 88. Re2 1-0

[Event "15th LCC Super Rapid 2025"]
[Site "London ENG"]
[Date "2025.12.07"]
[Round "10.22"]
[White "Tulchynskyi, Feliks"]
[Black "Stoyanov, Viktor"]
[Result "1-0"]
[WhiteTitle "IM"]
[BlackTitle "FM"]
[WhiteElo "2409"]
[BlackElo "2239"]
[WhiteFideId "34127895"]
[BlackFideId "450308"]
[EventDate "2025.12.06"]

1. e4 e5 2. Nf3 Nc6 3. Bb5 a6 4. Ba4 Nf6 5. O-O Be7 6. Re1 b5 7. Bb3 d6 8. c3
O-O 9. a4 Bd7 10. d4 h6 11. Nbd2 Re8 12. Nf1 Bf8 13. Ng3 Bg4 14. Be3 exd4 15.
cxd4 Nb4 16. h3 Be6 17. d5 Bd7 18. Qd2 c5 19. dxc6 Nxc6 20. Bf4 Na5 21. Ba2 bxa4
22. Bxd6 Bb5 23. e5 Bxd6 24. exd6 Nb3 25. Bxb3 axb3 26. Nf5 Qd7 27. Ne7+ Kh8 28.
Ne5 Rxe7 29. Nxd7 Rxd7 30. Re7 Rad8 31. Rxd7 Rxd7 32. Re1 Kh7 33. Qd4 Rd8 34.
Re3 Ne8 35. Qh4 Rxd6 36. Rxe8 Bxe8 37. Qe4+ 1-0

[Event "15th LCC Super Rapid 2025"]
[Site "London ENG"]
[Date "2025.12.07"]
[Round "10.23"]
[White "Kovalskyi, Roman"]
[Black "Royal, Shreyas"]
[Result "1/2-1/2"]
[BlackTitle "GM"]
[WhiteElo "2208"]
[BlackElo "2495"]
[WhiteFideId "14184214"]
[BlackFideId "448869"]
[EventDate "2025.12.06"]

1. e4 c5 2. Nf3 d6 3. d4 cxd4 4. Nxd4 Nf6 5. Nc3 Nc6 6. Bg5 e6 7. Qd2 a6 8.
O-O-O Be7 9. f3 O-O 10. h4 Nxd4 11. Qxd4 b5 12. Qd2 Bb7 13. Kb1 Rc8 14. Ne2 Qc7
15. Rc1 h6 16. Be3 Nd7 17. Bxh6 d5 18. Be3 dxe4 19. fxe4 Bxe4 20. Nc3 Bh7 21.
Bd3 Bxd3 22. cxd3 Qd6 23. Ne4 Qd5 24. Nc3 Qd6 25. Ne4 Rxc1+ 26. Rxc1 Qd5 27. Rc7
Bxh4 28. Qe2 Ne5 29. Nc3 Qd6 30. Ra7 Rd8 31. d4 Nc4 32. Qh5 Be7 33. Ne4 Qc6 34.
Nf6+ Bxf6 35. Qxf7+ Kh7 36. Qh5+ Kg8 37. Qf7+ Kh7 38. Qh5+ 1/2-1/2

[Event "15th LCC Super Rapid 2025"]
[Site "London ENG"]
[Date "2025.12.07"]
[Round "10.24"]
[White "Badacsonyi, Stanley"]
[Black "Vaidyanathan, Adithya"]
[Result "1-0"]
[WhiteTitle "FM"]
[WhiteElo "2316"]
[BlackElo "2129"]
[WhiteFideId "486973"]
[BlackFideId "495450"]
[EventDate "2025.12.06"]

1. d4 Nf6 2. c4 c5 3. d5 b5 4. cxb5 a6 5. e3 e6 6. dxe6 fxe6 7. Nc3 d5 8. Nf3
Be7 9. bxa6 O-O 10. Be2 Nxa6 11. O-O Bb7 12. b3 Rc8 13. Bb2 Nb4 14. a3 Nc6 15.
Rc1 Qd6 16. h3 Kh8 17. Na4 Nd7 18. Qd2 Ra8 19. Rfd1 Na5 20. Qc2 Bc6 21. Nc3 Qc7
22. Nb1 Qb6 23. Nbd2 Rab8 24. Rb1 Nxb3 25. Nxb3 Ba4 26. Nfd2 c4 27. Bxc4 dxc4
28. Qxc4 Bb5 29. Qd4 e5 30. Qxb6 Rxb6 31. Bc3 Ba4 32. Bb4 Bxb4 33. axb4 Rxb4 34.
Na5 Rfb8 35. Rxb4 Rxb4 36. Rc1 Kg8 37. Nf3 Kf7 38. Nc6 Rb5 39. Ra1 Bc2 40. Ra7
Ke8 41. Ra8+ Kf7 42. Rd8 Bf5 43. g4 Be4 44. Ng5+ 1-0

[Event "15th LCC Super Rapid 2025"]
[Site "London ENG"]
[Date "2025.12.07"]
[Round "10.25"]
[White "Nainys, Zanas"]
[Black "Josse, Mark"]
[Result "0-1"]
[BlackTitle "CM"]
[WhiteElo "2320"]
[BlackElo "2107"]
[WhiteFideId "12844098"]
[BlackFideId "414476"]
[EventDate "2025.12.06"]

1. d4 d5 2. c4 e6 3. Nc3 Nf6 4. Nf3 Be7 5. cxd5 exd5 6. Bf4 c6 7. h3 O-O 8. e3
Bf5 9. g4 Bg6 10. Ne5 Nbd7 11. Nxg6 hxg6 12. Bd3 Re8 13. Rc1 Nf8 14. h4 Ne6 15.
Bg3 Bd6 16. Bxd6 Qxd6 17. Kf1 Rad8 18. h5 gxh5 19. gxh5 c5 20. dxc5 Nxc5 21. Bb1
d4 22. exd4 Qf4 23. Rc2 Rxd4 24. Qc1 Qf3 25. Rg1 Nd3 26. Rxg7+ Kxg7 27. Qg5+ Kh7
28. Rd2 Re1# 0-1

[Event "15th LCC Super Rapid 2025"]
[Site "London ENG"]
[Date "2025.12.07"]
[Round "10.26"]
[White "Murawski, Jan"]
[Black "Tica, Sven"]
[Result "0-1"]
[WhiteTitle "CM"]
[BlackTitle "IM"]
[WhiteElo "2225"]
[BlackElo "2441"]
[WhiteFideId "21009287"]
[BlackFideId "14526948"]
[EventDate "2025.12.06"]

1. d4 g6 2. c4 Bg7 3. Nc3 d6 4. e4 e5 5. dxe5 dxe5 6. Qxd8+ Kxd8 7. f4 c6 8. Nf3
Nd7 9. fxe5 Nxe5 10. Bg5+ Ke8 11. O-O-O Be6 12. Nxe5 Bxe5 13. Be2 Nf6 14. Rhf1
Nd7 15. g3 f6 16. Be3 Ke7 17. Kc2 b6 18. Rd2 Rad8 19. Rfd1 Nb8 20. b4 Rxd2+ 21.
Rxd2 Rc8 22. a3 Nd7 23. Rd1 h5 24. Rg1 Ra8 25. Rc1 h4 26. gxh4 Rh8 27. h5 gxh5
28. Rg1 h4 29. Bf2 Bxh2 30. Rg7+ Kf8 31. Rg2 Bf4 32. c5 h3 33. Rg1 h2 34. Rh1
bxc5 35. b5 cxb5 36. Bxb5 Ne5 37. Bxc5+ Kf7 38. Bxa7 Rd8 39. Nd5 Rxd5 40. exd5
Bxd5 41. Rxh2 Bxh2 42. a4 Ke6 43. a5 f5 44. a6 f4 45. Kd2 f3 46. Bb6 Nc4+ 47.
Bxc4 Bxc4 48. a7 Bd5 49. Bf2 Kf5 50. Kd3 Be5 51. Ke3 Kg4 52. Bg1 Kg3 53. Bf2+
Kg2 54. Be1 Ba8 0-1

[Event "15th LCC Super Rapid 2025"]
[Site "London ENG"]
[Date "2025.12.07"]
[Round "10.27"]
[White "McPhillips, Joseph"]
[Black "Bonn, Thomas"]
[Result "0-1"]
[WhiteTitle "IM"]
[WhiteElo "2388"]
[BlackElo "2090"]
[WhiteFideId "422487"]
[BlackFideId "638242"]
[EventDate "2025.12.06"]

1. e4 c5 2. Nf3 d6 3. d4 cxd4 4. Nxd4 Nf6 5. Nc3 g6 6. Be2 Bg7 7. O-O O-O 8. Be3
Nc6 9. Nb3 a6 10. f4 b5 11. Bf3 Bb7 12. a3 Nd7 13. Qe1 Nb6 14. Rd1 Nc4 15. Bc1
Qb6+ 16. Kh1 e6 17. Be2 Rad8 18. Rd3 b4 19. axb4 Nxb4 20. Rh3 d5 21. Qh4 h5 22.
Bxh5 gxh5 23. Qxh5 f5 24. Qh7+ Kf7 25. Rg3 Rg8 26. exf5 exf5 27. Qxf5+ Qf6 28.
Qh5+ Kf8 29. Nc5 Bc8 30. f5 Rh8 31. Qd1 Kg8 32. Bg5 Qd6 33. Qg4 Rf8 34. Ne6 Qxe6
35. Nxd5 Nxd5 36. Qxc4 Rxf5 37. Rd1 Re5 38. h4 Rh5 39. Kh2 Bb7 40. Qb3 Bc6 41.
Qb8+ Kh7 42. Qa7 Nf6 43. Rd4 Re4 44. c3 Ng4+ 45. Kh3 Nf2+ 46. Kh2 Rxd4 47. cxd4
Ne4 48. d5 Bxd5 49. Re3 Qd6+ 50. Kg1 Nxg5 51. hxg5 Rxg5 52. Rh3+ Kg6 53. Ra3
Rxg2+ 54. Kf1 Qf4+ 55. Ke1 Qc1# 0-1

[Event "15th LCC Super Rapid 2025"]
[Site "London ENG"]
[Date "2025.12.07"]
[Round "10.28"]
[White "Abhyuday, Santhosh"]
[Black "Kalavannan, Koby"]
[Result "1-0"]
[WhiteTitle "CM"]
[BlackTitle "FM"]
[WhiteElo "2094"]
[BlackElo "2275"]
[WhiteFideId "25624849"]
[BlackFideId "425753"]
[EventDate "2025.12.06"]

1. e4 d5 2. Nc3 d4 3. Nce2 e5 4. Nf3 Bd6 5. Ng3 Ne7 6. Bc4 O-O 7. d3 Nd7 8. Bd2
Nf6 9. Qe2 c6 10. a4 a5 11. O-O Bc7 12. h3 Rb8 13. Nh2 b5 14. Bb3 Ng6 15. Nf5
Be6 16. Ng4 Nxg4 17. Qxg4 Bxb3 18. cxb3 bxa4 19. h4 Qf6 20. Bg5 h5 21. Qxh5 Qe6
22. Qg4 Rfe8 23. h5 Nf8 24. Bd8 g6 25. Bxc7 Rxb3 26. Bxa5 Kh8 27. hxg6 fxg6 28.
Qh3+ Nh7 29. Ng3 Qf7 30. Rxa4 Rxd3 31. Bb6 Rb3 32. Ra7 Re7 33. Ra8+ Kg7 34. Bc5
Rd7 35. Qg4 Kh6 36. Qh4+ Kg7 37. Qg4 Kh6 38. Rh8 Kg7 39. Rc8 Rc7 40. Nf5+ Kf6
41. Qh4+ Ke6 42. Nh6 Qd7 43. Qg4+ Kf6 44. Ng8+ Kg7 45. Rxc7 Qxc7 46. Ne7 Nf8 47.
Nf5+ Kf7 48. Bxf8 Kxf8 49. Qxg6 Rxb2 50. Qf6+ Ke8 51. Ng7+ Kd7 52. Qe6+ Kd8 53.
Qe8# 1-0

[Event "15th LCC Super Rapid 2025"]
[Site "London ENG"]
[Date "2025.12.07"]
[Round "10.29"]
[White "Makkar, Rajat"]
[Black "Udovenko, Daniel"]
[Result "1-0"]
[WhiteTitle "IM"]
[WhiteElo "2395"]
[BlackElo "1927"]
[WhiteFideId "36016810"]
[BlackFideId "30957508"]
[EventDate "2025.12.06"]

1. d4 Nf6 2. c4 g6 3. Nc3 d5 4. Nf3 Bg7 5. Qb3 dxc4 6. Qxc4 a6 7. Bf4 c6 8. e4
O-O 9. Be2 b5 10. Qb3 Bb7 11. O-O c5 12. dxc5 Nxe4 13. Nxe4 Bxe4 14. Qe3 Bb7 15.
Rad1 Qc8 16. Ne5 Re8 17. Bg4 e6 18. Rfe1 Bc6 19. Rd6 Ra7 20. Red1 f5 21. Be2 Bf8
22. h4 Bxd6 23. cxd6 Qb7 24. Rc1 Rc8 25. Nxc6 Nxc6 26. Qxe6+ Kh8 27. Be5+ Nxe5
28. Rxc8+ Qxc8 29. Qxc8+ Kg7 30. Qc5 Rc7 31. Qxe5+ 1-0

[Event "15th LCC Super Rapid 2025"]
[Site "London ENG"]
[Date "2025.12.07"]
[Round "10.30"]
[White "Tayar, Jonathan"]
[Black "Dupuis, Denis K"]
[Result "1-0"]
[WhiteTitle "IM"]
[WhiteElo "2325"]
[BlackElo "2005"]
[WhiteFideId "2606534"]
[BlackFideId "452980"]
[EventDate "2025.12.06"]

1. e4 e5 2. Nf3 Nc6 3. Bc4 Bc5 4. c3 Nf6 5. d3 O-O 6. O-O d5 7. exd5 Nxd5 8.
Nbd2 Bg4 9. h3 Bh5 10. Ne4 Be7 11. Ng3 Bg6 12. Re1 Nb6 13. Bb5 f6 14. Nh4 Bf7
15. Nhf5 Bg6 16. Qf3 Be8 17. d4 Bd6 18. Qg4 g6 19. Nxd6 cxd6 20. Bd3 d5 21. Bc2
e4 22. Qh4 Rc8 23. Bb3 Bf7 24. Qh6 Re8 25. h4 Qe7 26. h5 Qf8 27. Qf4 Be6 28.
hxg6 hxg6 29. Qh4 Kf7 30. Ne2 g5 31. Qg3 Qh6 32. f3 exf3 33. Qxf3 Rh8 34. Ng3
Ne7 35. Bd2 f5 36. Rxe6 Qxe6 37. Bxg5 Qg6 38. Bf4 Qg4 39. Qf2 Ng6 40. Be5 Nxe5
41. dxe5 Ke6 42. Ne2 Kxe5 43. Rd1 Kd6 44. Rd4 Qh5 45. Qf4+ Kc6 46. Ng3 Qh6 47.
Nxf5 Qxf4 48. Rxf4 Rcf8 49. Nd4+ Kd7 50. Rg4 Rhg8 51. Rh4 Rh8 52. Rg4 Rhg8 53.
Rh4 Rg7 54. Bd1 Re7 55. Bg4+ Ke8 56. Ne6 Rg8 57. Bh3 Rf7 58. Rh5 Ke7 59. Nd4
Rgf8 60. b3 Rf1+ 61. Kh2 R1f2 62. a4 R2f6 63. a5 Nd7 64. Rxd5 Rd8 65. Nf5+ Kf7
66. c4 Rg6 67. Nd6+ Ke7 68. Nxb7 1-0